Global monitoring report 2014/2015 : ending poverty and sharing prosperity.
| Format: | Book |
|---|---|
| Published: |
Washington, DC:
The World Bank,
2015.
|
| Subjects: |
| LEADER | 00453cam a2200133 7i4500 | ||
|---|---|---|---|
| 001 | 0000032491 | ||
| 005 | 20150810090000.0 | ||
| 020 | 0 | 0 | |a 9781464803369 |
| 090 | 0 | 0 | |a I 339.46091724 |b GLO |
| 245 | 0 | 0 | |a Global monitoring report 2014/2015 : |b ending poverty and sharing prosperity. |
| 260 | 0 | 0 | |a Washington, DC: |b The World Bank, |c 2015. |
| 300 | # | # | |a 221 pages. |
| 650 | 0 | 0 | |a Poverty -- |z Developing countries |
| 999 | |a 0000035910 |b Book |c International |e Business Information Centre | ||


